150 Most Famous Landmarks in the World - Statistics

General Stats
  • This quiz has been taken 5,434 times
  • The average score is 45 of 150
Answer Stats
# Hint Answer % Correct
2 Tallest structure in Paris Eiffel Tower
97%
1 Gift to the United States from the people of France Statue of Liberty
96%
8 Orange in Colour but called Golden Golden Gate Bridge
78%
28 Tallest Mountain in the World Mount Everest
76%
37 Official Residence of the USA President The White House
74%
3 Known as Elizabeth Tower to celebrate the Diamond Jubilee of Elizabeth II Big Ben
72%
23 Built by Shah Jahan for his beloved wife Mumtaz Mahal Taj Mahal
69%
24 Khufu, Giza Pyramids of Giza
67%
40 Official Residence of the Monarch of UK Buckingham Palace
66%
11 World's tallest Ferris wheel London Eye
66%
38 Museum in Paris closed due to teenage pickpocketing Louvre Museum
66%
20 Prehistoric monument in Wiltshire, England Stonehenge
66%
6 Tallest Leadership in Energy and Environmental Design certified building in USA Empire State Building
65%
56 Gambling City of USA Las Vegas
65%
4 Galileo Galilei dropped two cannonballs here Leaning Tower of Pisa
65%
63 Tallest Mountain in Japan Mount Fuji
65%
7 Situated on Mount Lee, Los Angeles Hollywood Sign
64%
26 Related to a Rhyme- ____________ _________ is falling down Tower Bridge
64%
5 Largest amphitheatre ever built Colosseum
62%
15 Longest Man-Made Structure in the World Great Wall of China
62%
25 Human Head but Lion Body Sphinx
62%
21 Tallest mountain in African Continent Kilimanjaro
61%
44 City destroyed by volcanic eruption from Mount Vesuvius Pompeii
61%
48 Statue of Christian God spreading his hands Christ the Redeemer
59%
19 Demolished in 1989 Berlin Wall
58%
51 This falls straddles between Canada-USA Border Niagara Falls
57%
62 George Wahington, Thomas Jefferson, Theodore Roosevelt and Abraham Lincoln Mount Rushmore
55%
52 Tallest Structure in the World Burj Khalifa
54%
50 Colorado River The Grand Canyon
54%
61 Most visited urban park in the United States Central Park
51%
80 Volcano which destroyed Pompeii Vesuvio
51%
41 Residence of Louis XIV Versailles
50%
49 World's highest glass floor in Toronto CN Tower
49%
95 Holiest Place of Muslims Mecca
49%
13 Barcelona's Most Famous Landmark Sagrada Família
49%
57 Tallest Twin Towers in the world ; located in Kuala Lumpur Petronas Twin Towers
48%
88 First national park in the world Yellowstone National Park
48%
94 Lake in Scotland where there have been sightings of Nessie Loch Ness
47%
145 It means fortress inside a city in Mooscow Kremlin
46%
14 Hans Christian Anderson Little Mermaid
46%
79 US Defence Headquarters Pentagon
46%
84 A Waterfall on the border of Zambia and Zimbabwe Victoria Falls
46%
66 Observation Tower in Seattle Space Needle
45%
9 Emmanuel, Marie, Gabriel and Denis are bells of what Notre Dame
44%
33 This Citadel has the Parthenon Acropolis
43%
69 Located in San Francisco Bay off San Francisco, USA Alcatraz
43%
34 It is believed that if anyone throws a coin in this fountain then you get good luck Trevi Fountain
41%
43 Lots of People have Died while Climbing this Mountain in Alps Matterhorn
40%
67 Burial ground near Big Ben in London, UK Westminster Abbey
39%
87 New 7 Wonder of the World located in Jordan Petra
38%
53 Supposedly Anne Boleyn's Ghost haunts this place Tower of London
38%
77 It was commissioned by King Frederick William II of Prussia Brandenburg Gate
37%
143 Oldest university in the English-speaking world Oxford University
37%
97 Official residence of the Pope, in Vatican City Sistine Chapel
37%
72 Built to Commemorate George Washington Washington Monument
37%
30 Formerly known as Sears Tower Willis Tower
36%
16 Jorn Utzon Sydney Opera House
35%
102 Tallest active volcano in Europe Mount Etna
34%
70 This forms a part of English coastline facing France White Cliffs of Dover
34%
122 It is the most visited theme park in all of France and Europe Disneyland Paris
33%
17 Located in the center of Red Square St. Basil's Cathedral
33%
58 Royal residence at Berkshire Windsor Castle
31%
89 It is the second-most visited museum in Turkey Hagia Sophia
30%
110 It is a cabaret in Paris, France. Moulin Rouge
30%
59 It is French for Sacred Heart Sacre Coeur
30%
12 Raphael, Bramante and Michaelangelo are its designers St. Peter's Basilica
30%
138 Hottest place on the Earth Death Valley
28%
112 This island of Greece has totally all White coloured Houses Santorini
28%
10 Second-tallest structure in Japan Tokyo Tower
28%
60 The wedding of Charles, Prince of Wales and Lady Diana Spencer was held here St. Paul's Cathedral
27%
73 Tallest Building in the European Union The Shard
27%
81 New 7 Wonder of the World in Mexico Chichen Itza
26%
42 Inspriation for DIsney Sleeping Beauty Castle Neuschwanstein Castle
26%
46 Located on Castle Rock, Edinburgh in Scotland Edinburgh Castle
25%
18 Tomb of the Unknown Soldier Arc De Triomphe
24%
96 This bridge in Sydney is also called Coat Hanger Sydney Harbor Bridge
24%
146 The blue tiles on the walls of its interior give the name of this mosque in Istanbul Blue Mosque
22%
98 The monumental stairway of 135 steps is located in Rome, Italy Spanish Steps
22%
108 World's tallest arch Gateway Arch
21%
47 Hiram Bingham Machu Picchu
21%
75 Built by Rapa Nui people on Easter Island Moai
20%
27 It houses the Palace Museum The Forbidden City
20%
125 It is a palace and fortress complex located in Granada, Andalusia, Spain by the Moorish emir Mohammed ben Al-Ahmar Alhambra
19%
99 The view from this bridge was the last view of Venice that convicts saw before their imprisonment Bridge of Sighs
19%
123 According to legend, the columns are the remains of a causeway built by a giant Fionn mac Cumhaill Giant's Causeway
19%
136 The museum was inaugurated in 1997 by former King Juan Carlos I of Spain in Bilbao Guggenheim Museum
19%
39 It depicts a naked boy urinating into a fountain's basin in Brussels, Belgium Manneken Pis
19%
106 Tallest Structure in New York One World Trade Center
18%
64 Oldest Bridge over the Grand Canal in Venice, Italy Rialto Bridge
17%
134 It is featured in the Flag of Cape Town, South Africa Table Mountain
17%
36 Formerly know as the Longacre Square Times Square
17%
22 Kata Tjuta and ___________ Uluru
17%
148 Its name commemorates the Battle of _________, a British naval victory in the Napoleonic Wars with France and Spain Trafalgar Square
16%
83 Largest religious monument in the world Angkor Wat
15%
31 It is in movies like Once Upon a Time in America, The Avengers, and Godzilla Brooklyn Bridge
15%
141 The Wall of Honor outside of the main building contains a partial list of immigrants processed on the island Ellis Island Immigration Museum
15%
93 It is also called Kotel; Located in Jerusalem Wailing Wall
15%
32 Andre Agassi and Roger Federer playing tennis on its helipads Burj Al Arab
14%
68 Rock of _________ It is an British Overseas Territory Rock of Gibraltar
14%
139 From 1732 to 1917 ; It the official residence of the Russian monarchs Winter Palace
14%
120 It is located in the City of _____ in England Bath, England
13%
74 Official name : 30 St. Mary Axe The Gherkin
13%
135 It was constructed for the 1958 Brussels World's Fair in Brussels, Belgium Atomium
12%
92 Ponte Santa Trinita and the Ponte alle Grazie are its neighboring bridges Ponte Vecchio
12%
85 Itdepicts the armies of Qin Shi Huang, the first Emperor of China Terracotta Warriors
12%
137 Mel Gibson, Robert DeNiro, Sean connery, Clint Eastwood, Julia Roberts and Leonardo DiCaprio They are not in the ___________ ____ __ ____ Hollywood Walk of Fame
11%
35 Located in Pizza San Marco, Venice, Italy St. Mark's Basilica
11%
142 Address: Great Russell St, London WC1B 3DG, United Kingdom British Museum
10%
82 The sculpture is nicknamed The Bean Cloud Gate
10%
78 Most visited landmark in Germany Cologne Cathedral
10%
124 It is the third-largest national park in the lower 48 states of USA Everglades National Park
10%
86 Residence of Dalai Lama Potala Palace
10%
119 The park in Copenhagen is best known for its wooden roller coaster Rutschebanen Tivoli Gardens
10%
104 It is named after Ebenezer Bryce Bryce Canyon National Park
9%
29 Largest historic residential neighborhood in Washington, D.C Capitol Hill
9%
71 Most Renowned park in Argentina Iguazu National Park
9%
116 It is Shakespeare's character's house in Verona, Italy Juliet's Balcony
9%
144 It is situated close to the world's first renewable methanol plant in Iceland Blue Lagoon
8%
129 It is commonly known as Dracula's Castle Bran Castle
8%
121 It is generally known as the Palace Pier in a city in England Brighton Pier
8%
147 It is a road junction in London, UK that has Shaftesbury Memorial, Criterion Theatre Piccadilly Circus
8%
45 Largest brick dome ever constructed Florence Cathedral
7%
103 The entrance to this cave was discovered by 18-year-old Marcel Ravidat Lascaux Caves
7%
115 It is located on the Arizona–Utah border near the Four Corners area Monument Valley
7%
90 Fourth Tallest Structure in China; Located in Shanghai Oriental Pearl Tower
7%
105 This is located in Kamakura in Tokyo, Japan Great Buddha
6%
54 Official residence of the Spanish Royal Family Madrid Palace
6%
55 The design for the Tower of Mastery in Pokémon X and Y was inspired by this Mont St. Michel
6%
91 It is a 17th-century waterfront, canal and entertainment district in Copenhagen, Denmark Nyhavn
6%
130 It is the official residence of the President of the Czech Republic Prague Castle
6%
111 The park was shown in the Rise of the Planet of the Apes and its sequel Dawn of the Planet of the Apes Redwood National Park
6%
118 It was known as St Nicholas' Church until the independence of Finland in 1917 Helsinki Cathedral
5%
149 It is the tallest bridge in the world Millau Bridge
5%
126 Official Residence of the Pope Papel Palace
5%
101 It is mostly occupied by Longevity Hill Summer Palace
5%
76 It is known as ipet resyt in Egyptian language Temple of Luxor
5%
140 It is the home of the Danish royal family Amalienborg Palace
4%
65 Bollywood Film Rockstar started and ended here Arena Di Verona
4%
117 Supreme Parish and Collegiate Church Berlin Cathedral
4%
131 It is the oldest wooden covered bridge in Europe Chapel Bridge
4%
107 It was immortalized as Elsinore in William Shakespeare's play Hamlet Kronborg Castle
4%
150 It is a prehistoric monument in County Meath, Ireland Newgrange
4%
100 It houses the largest museum for modern art in Europe Pompidue Center
4%
133 This village in Genoa district in Italy was called Port of the Dolphin by Romans Portofino
4%
114 During the Soviet times it was known as Detskoye Selo Tsarskoye Selo
4%
128 It sits atop a small hill in the Austrian city of Salzburg Festung Hohensalzburg
3%
113 It was built in 1851 for the Van Bon family Mill Complex at Kinderdijk
3%
132 The horse race, Palio di Siena, is held around the edges of the piazza in Sienna in Tuscany, Italy Piazza Del Campo
3%
127 It is an ancient Roman aqueduct that crosses the Gardon River in the south of France Pond Du Garre
3%
109 It is located adjacent to Jin Mao Tower and Shanghai Tower Shanghai World Finacial Center
3%
No matching quizzes found
Score Distribution
Percent of People with Each Score
Percentile by Number Answered
Your Score History
You have not taken this quiz